[Event "Stay Safe Play From Home 306"]
[Site "Emanuel Lasker Arena"]
[Date "2020.07.15"]
[Round "4"]
[White "Haris kollari 13"]
[Black "Tunca"]
[Result "1-0"]
[WhiteElo "1926"]
[BlackElo "1696"]
[Annotator "NA RC"]
[PlyCount "111"]
[EventDate "2020.07.15"]
[EventType "swiss (blitz)"]

1. e4 {[%emt 0:00:01]} e5 {[%emt 0:00:13]} 2. Nf3 {[%emt 0:00:01]} Nc6 {[%emt 0:00:01]} 3. Bb5 {[%emt 0:00:01]} a6 {[%emt 0:00:03]} 4. Ba4 {[%emt 0:00:01]} Nf6 {[%emt 0:00:00]} 5. d3 {[%emt 0:00:01]} Be7 {[%emt 0:00:00]} 6. Bxc6 {[%emt 0:00:03]} dxc6 {[%emt 0:00:01]} 7. Nxe5 {[%emt 0:00:01]} O-O {[%emt 0:00:04]} 8. Nf3 {[%emt 0:00:01]} Bg4 {[%emt 0:00:04]} 9. h3 {[%emt 0:00:01]} Bh5 {[%emt 0:00:01]} 10. Nc3 {[%emt 0:00:02]} Re8 {[%emt 0:00:01]} 11. Be3 {[%emt 0:00:02]} c5 {[%emt 0:00:15]} 12. Qd2 {[%emt 0:00:02]} c6 {[%emt 0:00:03]} 13. O-O-O {[%emt 0:00:01]} Qa5 {[%emt 0:00:07]} 14. g4 {[%emt 0:00:03]} Bg6 {[%emt 0:00:01]} 15. Kb1 {[%emt 0:00:05]} Rad8 {[%emt 0:00:04]} 16. Qe2 {[%emt 0:00:09]} c4 {[%emt 0:00:06]} 17. Nh4 {[%emt 0:00:18]} cxd3 {[%emt 0:00:06]} 18. cxd3 {[%emt 0:00:01]} Nxe4 {[%emt 0:00:10]} 19. dxe4 {[%emt 0:00:07]} Bxh4 {[%emt 0:00:03]} 20. f3 {[%emt 0:00:02]} Bf6 {[%emt 0:00:06]} 21. Bd2 {[%emt 0:00:08]} Qb4 {[%emt 0:00:09]} 22. Be1 {[%emt 0:00:13]} Rxd1+ {[%emt 0:00:07]} 23. Qxd1 {[%emt 0:00:02]} Rd8 {[%emt 0:00:01]} 24. Qc2 {[%emt 0:00:06]} Qc5 {[%emt 0:00:42]} 25. h4 {[%emt 0:00:02]} h6 {[%emt 0:00:08]} 26. Bf2 {[%emt 0:00:11]} Qc4 {[%emt 0:00:09]} 27. Rd1 {[%emt 0:00:31]} Rxd1+ {[%emt 0:00:10]} 28. Nxd1 {[%emt 0:00:01]} Qf1 {[%emt 0:00:07]} 29. Qd2 {[%emt 0:00:12]} Be7 {[%emt 0:00:58]} 30. h5 {[%emt 0:00:02]} Bh7 {[%emt 0:00:05]} 31. Qd7 {[%emt 0:00:05]} Bf8 {[%emt 0:00:10]} 32. Bc5 {[%emt 0:00:07]} Bxc5 {[%emt 0:00:06]} 33. Kc2 {[%emt 0:00:11]} Qe2+ {[%emt 0:00:02]} 34. Kb3 {[%emt 0:00:04]} Qxf3+ {[%emt 0:00:02]} 35. Nc3 {[%emt 0:00:01]} Bxe4 {[%emt 0:00:03]} 36. Qe8+ {[%emt 0:00:01]} Kh7 {[%emt 0:00:02]} 37. Qxe4+ {[%emt 0:00:03]} Qxe4 {[%emt 0:00:01]} 38. Nxe4 {[%emt 0:00:00]} Bd4 {[%emt 0:00:00]} 39. Nd6 {[%emt 0:00:04]} b5 {[%emt 0:00:02]} 40. Nxf7 {[%emt 0:00:01]} g6 {[%emt 0:00:02]} 41. Nd8 {[%emt 0:00:08]} c5 {[%emt 0:00:04]} 42. Ne6 {[%emt 0:00:02]} c4+ {[%emt 0:00:01]} 43. Kc2 {[%emt 0:00:02]} Be5 {[%emt 0:00:02]} 44. Nf8+ {[%emt 0:00:05]} Kg7 {[%emt 0:00:02]} 45. Nxg6 {[%emt 0:00:01]} Kf6 {[%emt 0:00:01]} 46. b3 {[%emt 0:00:14]} cxb3+ {[%emt 0:00:03]} 47. axb3 {[%emt 0:00:01]} Bd4 {[%emt 0:00:00]} 48. Kd3 {[%emt 0:00:01]} Bb2 {[%emt 0:00:01]} 49. Ke4 {[%emt 0:00:01]} Kg5 {[%emt 0:00:01]} 50. Kf3 {[%emt 0:00:01]} a5 {[%emt 0:00:01]} 51. Nf4 {[%emt 0:00:02]} a4 {[%emt 0:00:01]} 52. Ne6+ {[%emt 0:00:01]} Kf6 {[%emt 0:00:02]} 53. bxa4 {[%emt 0:00:08]} bxa4 {[%emt 0:00:02]} 54. Nf4 {[%emt 0:00:04]} a3 {[%emt 0:00:01]} 55. Nd5+ {[%emt 0:00:01]} Kg7 {[%emt 0:00:01]} 56. Nb4 {[%emt 0:00:01] Time (Lag: Av=0.50s, max=0.8s)} 1-0

[Event "Stay Safe Play From Home 306"]
[Site "Emanuel Lasker Arena"]
[Date "2020.07.15"]
[Round "4"]
[White "Möwe"]
[Black "Timbre"]
[Result "0-1"]
[WhiteElo "1673"]
[BlackElo "1526"]
[Annotator "NA RC"]
[PlyCount "80"]
[EventDate "2020.07.15"]
[EventType "swiss (blitz)"]

1. e4 {[%emt 0:00:40]} c6 {[%emt 0:00:07]} 2. d4 {[%emt 0:00:02]} d5 {[%emt 0:00:02]} 3. exd5 {[%emt 0:00:01]} cxd5 {[%emt 0:00:02]} 4. Nf3 {[%emt 0:00:00]} Nc6 {[%emt 0:00:02]} 5. Bd3 {[%emt 0:00:00]} a6 {[%emt 0:00:02]} 6. O-O {[%emt 0:00:02]} Bg4 {[%emt 0:00:01]} 7. c3 {[%emt 0:00:02]} e6 {[%emt 0:00:03]} 8. Re1 {[%emt 0:00:01]} Nf6 {[%emt 0:00:02]} 9. Bg5 {[%emt 0:00:01]} Be7 {[%emt 0:00:02]} 10. Nbd2 {[%emt 0:00:01]} O-O {[%emt 0:00:03]} 11. Rc1 {[%emt 0:00:02]} Rc8 {[%emt 0:00:03]} 12. Bb1 {[%emt 0:00:02]} b5 {[%emt 0:00:02]} 13. h3 {[%emt 0:00:01]} Bh5 {[%emt 0:00:03]} 14. a3 {[%emt 0:00:01]} Bg6 {[%emt 0:00:01]} 15. Bxg6 {[%emt 0:00:02]} hxg6 {[%emt 0:00:02]} 16. Ne5 {[%emt 0:00:04]} Nxe5 {[%emt 0:00:02]} 17. Rxe5 {[%emt 0:00:05]} Nd7 {[%emt 0:00:04]} 18. Bxe7 {[%emt 0:00:03]} Qxe7 {[%emt 0:00:01]} 19. Re3 {[%emt 0:00:04]} Nf6 {[%emt 0:00:03]} 20. Qe2 {[%emt 0:00:02]} a5 {[%emt 0:00:01]} 21. Re1 {[%emt 0:00:01]} b4 {[%emt 0:00:03]} 22. axb4 {[%emt 0:00:02]} axb4 {[%emt 0:00:02]} 23. cxb4 {[%emt 0:00:06]} Qxb4 {[%emt 0:00:03]} 24. Nf3 {[%emt 0:00:03]} Ne4 {[%emt 0:00:04]} 25. Ne5 {[%emt 0:00:06]} Qxd4 {[%emt 0:00:03]} 26. Nf3 {[%emt 0:00:10]} Qb6 {[%emt 0:00:04]} 27. Nd2 {[%emt 0:00:21]} Nxd2 {[%emt 0:00:04]} 28. Qxd2 {[%emt 0:00:01]} Rc4 {[%emt 0:00:02]} 29. b3 {[%emt 0:00:02]} Rc7 {[%emt 0:00:05]} 30. Rc3 {[%emt 0:00:09]} Rfc8 {[%emt 0:00:02]} 31. Rxc7 {[%emt 0:00:02]} Rxc7 {[%emt 0:00:02]} 32. Re3 {[%emt 0:00:04]} Rc5 {[%emt 0:00:11]} 33. Qa2 {[%emt 0:00:15]} Qc7 {[%emt 0:00:07]} 34. g3 {[%emt 0:00:04]} Rc2 {[%emt 0:00:04]} 35. Qa8+ {[%emt 0:00:03]} Kh7 {[%emt 0:00:04]} 36. Qf8 {[%emt 0:00:14]} d4 {[%emt 0:00:04]} 37. Rf3 {[%emt 0:00:02]} f6 {[%emt 0:00:12]} 38. b4 {[%emt 0:00:08]} Qb7 {[%emt 0:00:10]} 39. Rf4 {[%emt 0:01:24]} Rc1+ {[%emt 0:00:07]} 40. Kh2 {[%emt 0:00:01]} Qh1# {[%emt 0:00:03] (Lag: Av=0.62s, max=1.4s)} 0-1

[Event "Stay Safe Play From Home 306"]
[Site "Emanuel Lasker Arena"]
[Date "2020.07.15"]
[Round "5"]
[White "Weltszmerc"]
[Black "Möwe"]
[Result "1-0"]
[WhiteElo "2033"]
[BlackElo "1649"]
[Annotator "TA"]
[PlyCount "83"]
[EventDate "2020.07.15"]
[EventType "swiss (blitz)"]

{[%evp 9,83,-20,22,30,32,27,61,12,48,8,0,-16,-13,-18,0,0,31,33,41,38,75,75,72,60,106,89,81,80,66,66,129,92,83,78,80,53,43,38,37,32,32,24,26,25,32,27,27,15,389,397,356,16,28,20,38,25,45,0,0,0,0,0,0,0,16,0,77,92,166,166,275,252,230,202,341,324]} 1. d4 d5 2. c4 e5 3. Nf3 e4 4. Nfd2 c6 5. e3 {[#]} Bb4 $146 ({Predecessor:} 5... Nf6 6. Nc3 Bd6 7. Qb3 Bc7 8. cxd5 cxd5 9. Nb5 O-O 10. Nxc7 Qxc7 11. Qc3 Qd6 {0-1 (22) Petrovic,Z (1987)-Gadimbayli,A (2447) Belgrade 2019}) 6. Qa4 {D08: Albin Counter Gambit.} Bxd2+ 7. Nxd2 Bd7 8. cxd5 {White is slightly better.} cxd5 9. Qa3 (9. Qb3 $5 {[%cal Rb3d5]}) 9... Ne7 10. Nb3 O-O 11. Bd2 Nbc6 12. Nc5 b6 (12... Bc8 {with more complications.} 13. Rc1 Nf5 14. g3 b6 15. Na6 Bb7) 13. Nxd7 Qxd7 14. Rc1 Rac8 15. Ba6 Rc7 16. O-O Nb8 17. Rxc7 Qxc7 18. Rc1 Qd7 19. Bb4 Re8 (19... Nxa6 $14 20. Bxe7 (20. Qxa6 Rc8 $11) 20... Rc8 21. Rxc8+ Qxc8) 20. Bxe7 Nxa6 21. Qxa6 {aiming for Bh4.} Qxe7 $16 {[%mdl 4096] Endgame KQR-KQR} 22. Qb5 Rd8 23. Rc6 h5 24. Qe2 g6 25. Qc2 h4 26. h3 Qb4 27. Qc3 Qb5 28. Rc7 Rd7 $2 {[%mdl 8192]} (28... Qa4 $11) 29. Rc8+ $18 Kg7 30. Qc6 $2 ({White has to play} 30. Qa3 $1 $18 {[%cal Ra3f8] Intending Qf8+ and mate.} Kf6 31. Qf8 $1 {[%mdl 512]}) 30... Qxc6 $11 31. Rxc6 {KR-KR} f6 32. Kf1 Kf7 33. Ke2 Ke7 34. b4 {[%cal Bb2b4,Bb4b5][%mdl 32]} Rd6 35. Rc7+ Rd7 36. Rc8 Rb7 37. f3 exf3+ (37... Kd6 $11) 38. Kxf3 $16 a5 {[#]} (38... Ke6 $16) 39. b5 $1 $18 Kd7 (39... g5 $142 40. Kg4 Kf7) 40. Rc6 Ke7 41. Kg4 g5 (41... Kf7 $142 42. Kxh4 Re7) 42. Kf5 {Accuracy: White = 81%, Black = 53%.} 1-0

[Event "Stay Safe Play From Home 306"]
[Site "Emanuel Lasker Arena"]
[Date "2020.07.15"]
[Round "5"]
[White "Chesstiger9"]
[Black "Lazieri3"]
[Result "0-1"]
[WhiteElo "1971"]
[BlackElo "1973"]
[Annotator "TA"]
[PlyCount "160"]
[EventDate "2020.07.15"]
[EventType "swiss (blitz)"]

{[%evp 16,160,0,-6,0,-39,-31,-23,-45,-57,-51,-57,-15,-27,-32,-39,-16,-32,-13,-33,-35,-54,-10,-28,0,0,0,0,0,0,0,0,0,0,11,11,19,18,25,0,25,22,22,0,0,0,0,0,0,0,0,0,0,0,0,0,0,0,0,0,0,0,0,0,0,0,0,-460,-453,-445,-431,-430,-438,-424,-416,-376,-401,-390,-368,-334,-300,-269,0,0,0,0,0,0,0,-29975,-29976,-29976,-29977,-29977,-29978,-29978,-29979,-29979,-29980,-29980,-29981,-29981,-29982,-29982,-29983,-29983,-29984,-29984,-29985,-29985,-29986,-29985,-29986,-29986,-29987,-29987,-29988,-29990,-29991,-29992,-29991,-29994,-29993,-29994,-29994,-29994,-29994,-29994,-29994,-29994,-29995,-29995,-29995,-29995,-29995,-29995,-29996,-29996,-29997,-29997,-29998,-29998,-29999,-29999,-29998,-29998,-29999]} 1. d4 c6 2. e4 d5 3. Nc3 dxe4 4. Nxe4 Nd7 5. Nf3 Ngf6 6. Qe2 Nxe4 7. Qxe4 Nf6 8. Qh4 Bf5 9. c3 $1 e6 {B11: Caro-Kann: Two Knights Variation.} 10. Bg5 Be7 11. Bc4 h6 {Black has an edge.} 12. O-O Qb6 {[#]} 13. Bb3 $146 ({Predecessor:} 13. b4 O-O 14. Bxf6 Bxf6 15. Qf4 a5 16. a3 Ra7 17. g4 Bg6 18. Ne5 Bxe5 19. Qxe5 {0-1 (51) Rojas Sol P,P-Garcia Albarracin,F (2270) Almeria 1989}) 13... O-O-O 14. Bxf6 $1 Bxf6 15. Qf4 Qc7 (15... g5 {is interesting.} 16. Qe3 Qc7 17. a4 g4 18. Ne5 h5) 16. Qxc7+ Kxc7 17. h3 Be4 18. Rfe1 Bd5 (18... Bxf3 $5 19. gxf3 c5 $1 $17 {[%mdl 512]}) 19. Bxd5 exd5 20. Ne5 Bxe5 21. Rxe5 $11 {[%mdl 4096] Endgame KRR-KRR} Rhe8 22. Rae1 Rxe5 23. Rxe5 {KR-KR} Kd6 24. f4 f6 25. Re2 b6 26. f5 Kd7 27. g4 Re8 28. Rxe8 Kxe8 {KP-KP} 29. h4 Ke7 30. h5 Kd6 31. Kf2 c5 {Black wants to play ...cxd4.} 32. Ke3 Kc6 33. Kd3 Kb5 34. b3 a6 35. a4+ Kc6 36. c4 Kd6 37. Kc3 Kc6 38. Kd3 dxc4+ 39. Kxc4 b5+ 40. axb5+ axb5+ {[%cal Ba6b5,Bb5b4][%mdl 32]} 41. Kd3 $2 {[%mdl 8192] [#]} (41. Kc3 $1 $11 {and White is okay.}) 41... Kd5 $1 $19 42. dxc5 Kxc5 43. Kc3 {[#]} b4+ $1 44. Kd3 {Strongly threatening Ke4.} Kd5 45. Ke3 {Threatens to win with Kd3.} Ke5 46. Kd3 {And now Kc4 would win.} Kf4 47. Kc4 Kxg4 48. Kxb4 Kxf5 $2 {K3P-KPP} ({Black should play} 48... Kxh5 $19 49. Ka5 Kg4) 49. Kc5 $1 $11 Ke6 50. b4 Kd7 51. Kb6 f5 {( -> ...f4)} 52. b5 $2 {[%mdl 8192] Black continues to play with concentration.} (52. Kc5 $11 f4 53. Kd4) 52... f4 {Black mates.} 53. Ka7 f3 54. b6 f2 55. b7 f1=Q 56. b8=Q {KQ-KQ} Qa1+ 57. Kb7 Qb1+ 58. Ka7 Qxb8+ 59. Kxb8 {KPP-KP} Ke6 60. Kc7 {[#]} g5 $1 {[%mdl 512]} 61. hxg6 {KP-KP} h5 62. g7 Kf7 63. Kd6 h4 64. Ke5 h3 65. Kf4 h2 66. Kg3 h1=Q 67. Kf4 Kg8 68. Kg5 Kxg7 69. Kf5 Qd5+ 70. Kf4 Kf6 71. Ke3 Qc4 72. Kf3 Ke5 73. Ke3 Kf5 74. Kf3 Qb3+ 75. Ke2 Kf4 76. Kd2 Ke4 77. Ke2 Qb2+ 78. Kf1 Kf3 {[%csl Gf3][%cal Rb2f2]} 79. Kg1 Qc1+ 80. Kh2 Qb1 {Accuracy: White = 91%, Black = 88%.} 0-1

[Event "Stay Safe Play From Home 306"]
[Site "Emanuel Lasker Arena"]
[Date "2020.07.15"]
[Round "5"]
[White "Ionelluca"]
[Black "Haris kollari 13"]
[Result "1-0"]
[WhiteElo "1952"]
[BlackElo "1933"]
[Annotator "NA RC"]
[PlyCount "113"]
[EventDate "2020.07.15"]
[EventType "swiss (blitz)"]

1. c4 {[%emt 0:00:09]} b6 {[%emt 0:00:03]} 2. Nf3 {[%emt 0:00:02]} Bb7 {[%emt 0:00:01]} 3. g3 {[%emt 0:00:01]} g6 {[%emt 0:00:01]} 4. Bg2 {[%emt 0:00:01]} Bg7 {[%emt 0:00:01]} 5. Nc3 {[%emt 0:00:01]} Nc6 {[%emt 0:00:01]} 6. d3 {[%emt 0:00:01]} e5 {[%emt 0:00:09]} 7. Bd2 {[%emt 0:00:01]} d6 {[%emt 0:00:02]} 8. O-O {[%emt 0:00:02]} Qe7 {[%emt 0:00:03]} 9. Nd5 {[%emt 0:00:08]} Qd7 {[%emt 0:00:03]} 10. Qc1 {[%emt 0:00:05]} f6 {[%emt 0:00:10]} 11. Rb1 {[%emt 0:00:02]} Nge7 {[%emt 0:00:08]} 12. Bh6 {[%emt 0:00:03]} Nf5 {[%emt 0:00:16]} 13. Bxg7 {[%emt 0:00:05]} Qxg7 {[%emt 0:00:01]} 14. Bh3 {[%emt 0:00:08]} Bc8 {[%emt 0:00:06]} 15. Re1 {[%emt 0:00:15]} Nfd4 {[%emt 0:00:02]} 16. Nxd4 {[%emt 0:00:02]} Nxd4 {[%emt 0:00:04]} 17. Bg2 {[%emt 0:00:01]} c6 {[%emt 0:00:10]} 18. e3 {[%emt 0:00:01]} Ne6 {[%emt 0:00:10]} 19. Nb4 {[%emt 0:00:03]} Bb7 {[%emt 0:00:06]} 20. Nxc6 {[%emt 0:00:06]} O-O {[%emt 0:00:10]} 21. d4 {[%emt 0:00:02]} f5 {[%emt 0:00:06]} 22. dxe5 {[%emt 0:00:08]} dxe5 {[%emt 0:00:01]} 23. Bd5 {[%emt 0:00:02]} Qf6 {[%emt 0:00:06]} 24. Qc3 {[%emt 0:00:05]} Bxc6 {[%emt 0:00:04]} 25. Bxc6 {[%emt 0:00:03]} Rac8 {[%emt 0:00:08]} 26. Bd5 {[%emt 0:00:01]} Rfd8 {[%emt 0:00:01]} 27. Red1 {[%emt 0:00:02]} Kg7 {[%emt 0:00:01]} 28. f4 {[%emt 0:00:05]} exf4 {[%emt 0:00:11]} 29. Bxe6 {[%emt 0:00:02]} Qxc3 {[%emt 0:00:26]} 30. bxc3 {[%emt 0:00:05]} Rxd1+ {[%emt 0:00:01]} 31. Rxd1 {[%emt 0:00:02]} Re8 {[%emt 0:00:01]} 32. Bd5 {[%emt 0:00:09]} fxg3 {[%emt 0:00:01]} 33. hxg3 {[%emt 0:00:04]} Rxe3 {[%emt 0:00:01]} 34. Kf2 {[%emt 0:00:11]} Rxc3 {[%emt 0:00:01]} 35. Rd2 {[%emt 0:00:04]} a6 {[%emt 0:00:03]} 36. Rb2 {[%emt 0:00:05]} h5 {[%emt 0:00:15]} 37. Rxb6 {[%emt 0:00:07]} Rc2+ {[%emt 0:00:01]} 38. Kf3 {[%emt 0:00:01]} Rxa2 {[%emt 0:00:01]} 39. Kf4 {[%emt 0:00:17]} Rf2+ {[%emt 0:00:11]} 40. Kg5 {[%emt 0:00:02]} h4 {[%emt 0:00:06]} 41. Rxg6+ {[%emt 0:00:02]} Kf8 {[%emt 0:00:01]} 42. Kf6 {[%emt 0:00:04]} Ke8 {[%emt 0:00:02]} 43. gxh4 {[%emt 0:00:05]} f4 {[%emt 0:00:02]} 44. h5 {[%emt 0:00:01]} Rh2 {[%emt 0:00:03]} 45. h6 {[%emt 0:00:01]} Kd7 {[%emt 0:00:04]} 46. Rg7+ {[%emt 0:00:03]} Kd6 {[%emt 0:00:01]} 47. h7 {[%emt 0:00:01]} a5 {[%emt 0:00:02]} 48. Bf3 {[%emt 0:00:06]} Kc5 {[%emt 0:00:02]} 49. Rg5+ {[%emt 0:00:03]} Kxc4 {[%emt 0:00:02]} 50. Rh5 {[%emt 0:00:01]} Rf2 {[%emt 0:00:02]} 51. Rh3 {[%emt 0:00:04]} a4 {[%emt 0:00:05]} 52. h8=Q {[%emt 0:00:01]} a3 {[%emt 0:00:00]} 53. Qc8+ {[%emt 0:00:03]} Kd4 {[%emt 0:00:03]} 54. Qd7+ {[%emt 0:00:05]} Kc5 {[%emt 0:00:01]} 55. Qa7+ {[%emt 0:00:02]} Kb4 {[%emt 0:00:01]} 56. Qxf2 {[%emt 0:00:01]} a2 {[%emt 0:00:00]} 57. Qxa2 {[%emt 0:00:01] Haris kollari 13 resigns (Lag: Av=0.47s, max=0.9s)} 1-0

[Event "Stay Safe Play From Home 306"]
[Site "Emanuel Lasker Arena"]
[Date "2020.07.15"]
[Round "5"]
[White "Sadbat1122"]
[Black "Dukic"]
[Result "0-1"]
[WhiteElo "1650"]
[BlackElo "1992"]
[Annotator "NA RC"]
[PlyCount "46"]
[EventDate "2020.07.15"]
[EventType "swiss (blitz)"]

1. e4 {[%emt 0:00:02]} c6 {[%emt 0:00:01]} 2. Nc3 {[%emt 0:00:02]} d6 {[%emt 0:00:01]} 3. d4 {[%emt 0:00:02]} Nd7 {[%emt 0:00:01]} 4. Bd3 {[%emt 0:00:02]} e5 {[%emt 0:00:01]} 5. Nge2 {[%emt 0:00:03]} Be7 {[%emt 0:00:01]} 6. f4 {[%emt 0:00:02]} Qc7 {[%emt 0:00:03]} 7. dxe5 {[%emt 0:00:05]} dxe5 {[%emt 0:00:02]} 8. O-O {[%emt 0:00:11]} Ngf6 {[%emt 0:00:01]} 9. a3 {[%emt 0:00:07]} O-O {[%emt 0:00:02]} 10. b4 {[%emt 0:00:02]} b5 {[%emt 0:00:03]} 11. h3 {[%emt 0:00:10]} a5 {[%emt 0:00:03]} 12. bxa5 {[%emt 0:00:09]} Rxa5 {[%emt 0:00:05]} 13. Bb2 {[%emt 0:00:07]} exf4 {[%emt 0:00:26]} 14. Nxf4 {[%emt 0:00:05]} Bd6 {[%emt 0:00:02]} 15. Qf3 {[%emt 0:00:15]} Ne5 {[%emt 0:00:07]} 16. Qe2 {[%emt 0:00:19]} Qe7 {[%emt 0:00:23]} 17. Nb1 {[%emt 0:00:23]} Nfd7 {[%emt 0:00:09]} 18. Bc3 {[%emt 0:00:15]} Ra4 {[%emt 0:00:04]} 19. Bb2 {[%emt 0:00:08]} Qf6 {[%emt 0:00:26]} 20. Nc3 {[%emt 0:00:09]} Ra8 {[%emt 0:00:13]} 21. Nh5 {[%emt 0:00:18]} Qg6 {[%emt 0:00:12]} 22. Nf4 {[%emt 0:00:25]} Qg3 {[%emt 0:00:05]} 23. Qg4 {[%emt 0:00:19]} Nxg4 {[%emt 0:00:04] Sadbat1122 resigns (Lag: Av=1.11s, max=1.7s)} 0-1

[Event "Stay Safe Play From Home 306"]
[Site "Emanuel Lasker Arena"]
[Date "2020.07.15"]
[Round "6"]
[White "Lazieri3"]
[Black "Ionelluca"]
[Result "0-1"]
[WhiteElo "1990"]
[BlackElo "1968"]
[Annotator "TA"]
[PlyCount "70"]
[EventDate "2020.07.15"]
[EventType "swiss (blitz)"]

{[%evp 9,69,25,32,0,0,0,49,13,21,-15,17,-11,0,-33,11,0,0,0,13,7,10,-9,-20,-36,21,-58,-48,-91,-77,-282,-21,-11,-32,-342,-319,-492,-96,-181,-18,-20,-7,-18,98,-90,-77,-760,-749,-1921,-1359,-29983,-29984,-29984,-29985,-29988,-29982,-29981,-746,-29982,-29983,-29983,-29984,-29999]} 1. e4 d6 2. d4 Nf6 3. Nc3 c6 4. Nf3 Nbd7 5. Bd3 e5 6. dxe5 {B07: Pirc Defence: Miscellaneous Systems.} dxe5 7. O-O {[#]} b5 $146 ({Predecessor:} 7... Be7 8. Re1 O-O 9. h3 Qc7 10. Be3 Nc5 11. Qe2 b5 12. a3 a5 13. Bxc5 Bxc5 {0-1 (28) Kralj,N (1734)-Biti,O (2368) Komenda 2018}) 8. a3 {White is slightly better.} Be7 9. Bg5 Qc7 10. h3 Nf8 11. Qe2 Ng6 12. Rfd1 h6 13. Be3 Nh5 14. Qf1 a6 15. Ne2 O-O 16. c3 c5 (16... Be6 $15) 17. Bc2 ({Better is} 17. c4 $1 $11) 17... c4 $15 18. Kh2 f5 19. exf5 $2 (19. Ng3 $17 {might work better.} Nxg3 20. fxg3) 19... Bxf5 $2 (19... e4+ $1 $19 20. Ng3 exf3) 20. Bxf5 $11 Rxf5 21. Kg1 $2 {[%mdl 8192]} (21. Nd2 $1 $15 Rff8 22. a4) 21... Raf8 $19 22. Rd2 (22. a4 {is a better defense.} Bc5 23. Bxc5 Qxc5 24. Qe1) 22... Qc8 $2 (22... Rxf3 $19 {has better winning chances.} 23. gxf3 Nh4) 23. Nh2 {[#]} (23. Qb1 $17 {was necessary.}) 23... Ngf4 $2 (23... Bg5 $1 $19 {[%cal Rg5e3] Strongly threatening ...Bxe3.} 24. Bxg5 Rxf2 25. Qxf2 Rxf2 26. Kxf2 hxg5) 24. Nxf4 $11 exf4 25. Bd4 Rg5 (25... f3 $1 $11 {remains equal.} 26. Nxf3 Rxf3 27. gxf3 Nf4) 26. Kh1 $2 {[#]} (26. Nf3 $16 {and life is bright.} Rg6 27. Qb1) 26... f3 $1 $36 {[%cal Rf3g2][%mdl 2560] Black has strong initiative.} 27. Nxf3 $2 {[%mdl 8192] [#]} (27. g4 $17) (27. gxf3 Nf4) 27... Rxf3 $1 $19 {[%mdl 512]} 28. gxf3 Qf5 29. Re1 Qxf3+ 30. Kh2 Bd6+ 31. Re5 Rxe5 32. Bxe5 Bxe5+ 33. Kg1 Nf4 {Black mates.} 34. Rd8+ Kf7 35. Qe1 Qg2# {Accuracy: White = 33%, Black = 61%.} 0-1

[Event "Stay Safe Play From Home 306"]
[Site "Emanuel Lasker Arena"]
[Date "2020.07.15"]
[Round "6"]
[White "Haris kollari 13"]
[Black "Dukic"]
[Result "1-0"]
[WhiteElo "1917"]
[BlackElo "1996"]
[Annotator "NA RC"]
[PlyCount "73"]
[EventDate "2020.07.15"]
[EventType "swiss (blitz)"]

1. e4 {[%emt 0:00:02]} c6 {[%emt 0:00:03]} 2. f4 {[%emt 0:00:02]} d6 {[%emt 0:00:02]} 3. d4 {[%emt 0:00:01]} Nd7 {[%emt 0:00:01]} 4. Nf3 {[%emt 0:00:02]} Qc7 {[%emt 0:00:01]} 5. Be3 {[%emt 0:00:01]} e5 {[%emt 0:00:02]} 6. c3 {[%emt 0:00:01]} Be7 {[%emt 0:00:01]} 7. Bd3 {[%emt 0:00:01]} Ngf6 {[%emt 0:00:01]} 8. h3 {[%emt 0:00:02]} O-O {[%emt 0:00:01]} 9. Nbd2 {[%emt 0:00:02]} b6 {[%emt 0:00:06]} 10. Qe2 {[%emt 0:00:03]} a6 {[%emt 0:00:03]} 11. g4 {[%emt 0:00:04]} Bb7 {[%emt 0:00:02]} 12. O-O-O {[%emt 0:00:10]} Rfe8 {[%emt 0:00:18]} 13. f5 {[%emt 0:00:06]} d5 {[%emt 0:00:33]} 14. g5 {[%emt 0:00:05]} Nxe4 {[%emt 0:00:02]} 15. Nxe4 {[%emt 0:00:06]} dxe4 {[%emt 0:00:01]} 16. Bxe4 {[%emt 0:00:01]} exd4 {[%emt 0:00:01]} 17. Nxd4 {[%emt 0:00:09]} Bd6 {[%emt 0:00:07]} 18. Qg2 {[%emt 0:00:10]} Nc5 {[%emt 0:00:07]} 19. f6 {[%emt 0:00:24]} Rxe4 {[%emt 0:00:15]} 20. Bd2 {[%emt 0:00:05]} g6 {[%emt 0:00:15]} 21. h4 {[%emt 0:00:05]} Nd3+ {[%emt 0:00:14]} 22. Kc2 {[%emt 0:00:03]} c5 {[%emt 0:00:02]} 23. Nf3 {[%emt 0:00:17]} c4 {[%emt 0:00:20]} 24. h5 {[%emt 0:00:01]} Rae8 {[%emt 0:00:06]} 25. hxg6 {[%emt 0:00:02]} fxg6 {[%emt 0:00:01]} 26. Rhf1 {[%emt 0:00:21]} Re2 {[%emt 0:00:02]} 27. Qg4 {[%emt 0:00:04]} Nf2 {[%emt 0:00:08]} 28. Rxf2 {[%emt 0:00:10]} Rxf2 {[%emt 0:00:04]} 29. Nd4 {[%emt 0:00:01]} Bf4 {[%emt 0:00:41]} 30. Ne6 {[%emt 0:00:12]} Be4+ {[%emt 0:00:17]} 31. Kc1 {[%emt 0:00:02]} Rxd2 {[%emt 0:00:30]} 32. Nxc7 {[%emt 0:00:34]} Rc2+ {[%emt 0:00:05]} 33. Kb1 {[%emt 0:00:05]} Rg2+ {[%emt 0:00:02]} 34. Ka1 {[%emt 0:00:06]} Rxg4 {[%emt 0:00:18]} 35. f7+ {[%emt 0:00:01]} Kxf7 {[%emt 0:00:02]} 36. Nxa6 {[%emt 0:00:01]} Bd3 {[%emt 0:00:04]} 37. Nb4 {[%emt 0:00:02] Zeit (Lag: Av=0.44s, max=1.0s)} 1-0

[Event "Stay Safe Play From Home 306"]
[Site "Emanuel Lasker Arena"]
[Date "2020.07.15"]
[Round "6"]
[White "Sadbat1122"]
[Black "Weltszmerc"]
[Result "0-1"]
[WhiteElo "1645"]
[BlackElo "2037"]
[Annotator "NA RC"]
[PlyCount "42"]
[EventDate "2020.07.15"]
[EventType "swiss (blitz)"]

1. e4 {[%emt 0:00:03]} Nf6 {[%emt 0:00:07]} 2. Nc3 {[%emt 0:00:03]} d5 {[%emt 0:00:05]} 3. e5 {[%emt 0:00:10]} Nfd7 {[%emt 0:00:02]} 4. d4 {[%emt 0:00:14]} c5 {[%emt 0:00:02]} 5. Nxd5 {[%emt 0:00:04]} cxd4 {[%emt 0:00:02]} 6. Nf3 {[%emt 0:00:06]} e6 {[%emt 0:00:04]} 7. Nf4 {[%emt 0:00:09]} Nc6 {[%emt 0:00:02]} 8. Bb5 {[%emt 0:00:04]} Qa5+ {[%emt 0:00:03]} 9. c3 {[%emt 0:00:08]} Qxb5 {[%emt 0:00:16]} 10. cxd4 {[%emt 0:00:08]} Bb4+ {[%emt 0:00:02]} 11. Bd2 {[%emt 0:00:02]} Bxd2+ {[%emt 0:00:03]} 12. Qxd2 {[%emt 0:00:03]} Qb4 {[%emt 0:00:02]} 13. d5 {[%emt 0:00:23]} Qxd2+ {[%emt 0:00:09]} 14. Nxd2 {[%emt 0:00:03]} exd5 {[%emt 0:00:02]} 15. Nxd5 {[%emt 0:00:15]} O-O {[%emt 0:00:02]} 16. Nc7 {[%emt 0:00:09]} Rb8 {[%emt 0:00:02]} 17. f4 {[%emt 0:00:03]} Nb6 {[%emt 0:00:04]} 18. O-O-O {[%emt 0:00:06]} Bg4 {[%emt 0:00:02]} 19. Nf3 {[%emt 0:00:15]} Rbc8 {[%emt 0:00:04]} 20. Nd5 {[%emt 0:00:07]} Nxd5 {[%emt 0:00:05]} 21. Rxd5 {[%emt 0:00:02]} Nb4+ {[%emt 0:00:01] Sadbat1122 resigns (Lag: Av=1.00s, max=1.4s)} 0-1